| 000 | 00490nam a2200181Ia 4500 | ||
|---|---|---|---|
| 008 | 240925s9999 xx 000 0 und d | ||
| 020 | _a8188458023 | ||
| 082 | _a621.38 GUP | ||
| 100 | _aGupta , P.K | ||
| 245 | 0 | _aQuestion Bank in Electronics and Communication Engineering | |
| 250 | _aNA | ||
| 260 |
_aNew Delhi: _bKatson Books _c,2004. |
||
| 300 |
_a957p. _bN.A _fPhotocopy |
||
| 500 | _aIncludes Index | ||
| 600 | _aElectronic Engineering | ||
| 650 | _aTechnology | ||
| 942 | _cBK | ||
| 999 |
_c10250 _d10250 |
||